Statistiques concernant Fiefs du Royaume de France en l'an 1030 sur une carte

Cliquez ici pour prendre le quiz!

Statistiques générales

  • Ce quiz a été pris 1 186 fois
  • Le résultat moyen est 11 sur 35

Réponses sur la Carte

Les réponses sont colorées sur une échelle allant du rouge au vert en fonction du pourcentage des utilisateurs qui les ont devinées à leur premier essai. Vous pouvez retrouver ces pourcentages ci-dessous.
 

Statistiques - réponses

Type de quizRéponse% Correct
DuchéBretagne
98%
DuchéNormandie
95%
DuchéAquitaine
89%
DuchéBourgogne
84%
ComtéFlandre
76%
ComtéAnjou
68%
DuchéVasconie
56%
PrincipautéBléso-champenoise
54%
ComtéToulouse
51%
Seigneurie ecclésiastiqueReims
40%
SeigneurieBourbon
39%
ComtéAmiens
33%
ComtéNevers
30%
VicomtéBourges
21%
Seigneurie ecclésiastiqueLaon
21%
ComtéBar-sur-Aube
20%
ComtéSens
19%
ComtéValois
19%
Seigneurie ecclésiastiqueBeauvais
18%
ComtéGévaudan
18%
ComtéRouergue
17%
ComtéVexin
17%
Seigneurie ecclésiastiqueChâlons
16%
ComtéVermandois
14%
Seigneurie ecclésiastiqueLangres
13%
Seigneurie ecclésiastiqueTournai
13%
ComtéVelay
13%
ComtéPonthieu
10%
ComtéTonnerre
10%
ComtéGâtinais
9%
Seigneurie ecclésiastiqueNoyon
9%
ComtéRethel
9%
ComtéVitry
7%
Seigneurie ecclésiastiqueCorbie
6%
SeigneurieMontlhéry
6%

Distribution des résultats

Percentile par nombre de réponses

% des personnes avec chaque résultat

Votre développement - résultats

Vous n’avez pas pris ce quiz